A Forgotten Vision (Record no. 20120)

MARC details
000 -LEADER
fixed length control field 00296nam a22001337a 4500
020 ## - INTERNATIONAL STANDARD BOOK NUMBER
ISBN 8125903100
082 ## - DEWEY DECIMAL CLASSIFICATION NUMBER
Classification number 297.4 SHU Vol -1
100 ## - MAIN ENTRY--AUTHOR NAME
Author name Shuja-Alhaq
245 ## - TITLE STATEMENT
Title A Forgotten Vision
260 ## - PUBLICATION, DISTRIBUTION, ETC. (IMPRINT)
Place of publication New delhi
Name of publisher Vikas Publication House
Year of publication 1997
300 ## - PHYSICAL DESCRIPTION
Number of Pages 389
650 ## - SUBJECT ADDED ENTRY--TOPICAL TERM
Topical Term Islam
942 ## - ADDED ENTRY ELEMENTS (KOHA)
Koha item type Books
Holdings
Home library Current library Shelving location Date acquired Cost, normal purchase price Full call number Accession Number Koha item type
Henry Martyn Institute Library Henry Martyn Institute Library General stacks 09/06/2016 550.00 297.4 SHU Vol -2 17459 Books
                   Copyright © 2026 | Henry Martyn Institute | Hyderabad | TS-500052 | INDIA | Implemented by hmi.edu.in
Hit-Count:

Powered by Koha